Asian currency turmoils and WTO issues: Lessons for India (Record no. 41641)

MARC details
000 -LEADER
fixed length control field 00344nam a2200109Ia 4500
082 ## - DEWEY DECIMAL CLASSIFICATION NUMBER
Classification number 339.747(540)
Item number GHO
100 ## - MAIN ENTRY--AUTHOR NAME
Personal name Ghosh, Arun
245 #0 - TITLE STATEMENT
Title Asian currency turmoils and WTO issues: Lessons for India
260 ## - PUBLICATION, DISTRIBUTION, ETC. (IMPRINT)
Place of publication New Delhi
Name of publisher Centre for study of global trade system & development
942 ## - ADDED ENTRY ELEMENTS (KOHA)
Koha item type Books
Holdings
Withdrawn status Lost status Damaged status Not for loan Home library Current library Date acquired Cost, normal purchase price Full call number Accession Number Koha item type
        RRII Library RRII Library 16/12/2021 40.00 339.747(540) GHO 21927 Books